Most expensive football transfers - Right-Backs - 2018-2019 Season - Statistics

General Stats
  • This quiz has been taken 12 times
  • The average score is 6 of 10
Answer Stats
Fee (M €) Nationality Left Joined Player % Correct
40,40 Portugal Valencia Juventus João Cancelo
100%
22,00 Portugal FC Porto Manchester United Diogo Dalot
91%
22,00 Portugal FC Porto Leciester Ricardo Pereira
82%
20,00 Germany Bayer Leverkusen Monaco Benjamin Henrichs
73%
32,00 Spain Real Sociedad Real Madrid Álvaro Odriozola
55%
16,00 France Montpellier RB Leipzig Nordi Mukiele
55%
12,00 Brazil Atlético Mineiro Barcelona Emerson Royal
45%
21,00 Spain Atlético Madrid Wolverhampton Jonny Otto
45%
12,00 France LOSC Lille SSC Napoli Kévin Malcuit
45%
12,00 Germany Hertha BSC Bayer Leverkusen Mitchell Weiser
45%
No matching quizzes found
Score Distribution
Percent of People with Each Score
Percentile by Number Answered
Your Score History
You have not taken this quiz